[Event "IECG WC.2004.F.00001"]
[Site "IECG email"]
[Date "2005.05.16"]
[Round "?"]
[White "Rodriguez, Jorge"]
[Black "Claridge, John Bleddyn"]
[Result "1/2-1/2"]
[WhiteElo "2570"]
[BlackElo "2389"]
[PlyCount "92"]
[EventDate "2005.05.16"]
[EventType "tourn (corr)"]
[EventRounds "6"]
[SourceTitle "Corr 2008"]
[Source "ChessBase"]
[SourceDate "2008.06.24"]
[SourceVersion "1"]
[SourceVersionDate "2008.06.24"]
[SourceQuality "1"]

1. e4 c5 2. Nf3 d6 3. d4 cxd4 4. Nxd4 Nf6 5. Nc3 a6 6. Be2 e6 7. 0-0 Be7 8. f4 0-0 9. a4 Qc7 10. Kh1 Nc6 11. Be3 Re8 12. Qd2 Bd7 13. Nb3 b6 14. Bf3 Rab8 15. g4 Bc8 16. g5 Nd7 17. Bg2 Na5 18. Qf2 Nc4 19. Bc1 Bb7 20. Nd4 Bf8 21. b3 Na5 22. Bb2 Nc6 23. Nf3 g6 24. Rad1 Bg7 25. f5 Nde5 26. f6 Bf8 27. Qh4 Ba8 28. Ne2 b5 29. axb5 Rxb5 30. Bc1 Ra5 31. Bd2 Ra2 32. Ne1 Rb8 33. Qh3 Nb4 34. Nc3 Ra5 35. Rf4 Rc5 36. Rc1 h5 37. gxh6 Rxc3 38. Bxc3 Na2 39. Bb2 Nxc1 40. Bxc1 a5 41. h7+ Kh8 42. Rf1 Bc6 43. Qh4 a4 44. bxa4 Bxa4 45. Nd3 Bxc2 46. Bh6 Qd8 1/2-1/2

[Event "IECG WC.2004.F.00001"]
[Site "IECG email"]
[Date "2005.05.16"]
[Round "?"]
[White "Rodriguez, Jorge"]
[Black "Maubrises, Etienne"]
[Result "1-0"]
[WhiteElo "2570"]
[BlackElo "2196"]
[PlyCount "57"]
[EventDate "2005.05.16"]
[EventType "tourn (corr)"]
[EventRounds "6"]
[SourceTitle "Corr 2008"]
[Source "ChessBase"]
[SourceDate "2008.06.24"]
[SourceVersion "1"]
[SourceVersionDate "2008.06.24"]
[SourceQuality "1"]

1. d4 Nf6 2. c4 b6 3. Nc3 e6 4. e4 Bb7 5. Bd3 Bb4 6. Qc2 c5 7. d5 exd5 8. exd5 Bxc3+ 9. Qxc3 0-0 10. Ne2 d6 11. 0-0 Nbd7 12. b3 Re8 13. Ng3 b5 14. f4 Qb6 15. Kh1 a5 16. a4 bxc4 17. bxc4 Qd8 18. Bb2 Nb6 19. Rf3 Bc8 20. Ne4 Nh5 21. f5 Rb8 22. g4 Rxe4 23. Bxe4 Nf6 24. g5 Ne8 25. f6 g6 26. Bd3 Nc7 27. Re1 Na6 28. Re7 Bd7 29. Qe1 1-0

[Event "IECG WC.2004.F.00001"]
[Site "IECG email"]
[Date "2005.05.16"]
[Round "?"]
[White "Rodriguez, Jorge"]
[Black "Robson, Nigel"]
[Result "1/2-1/2"]
[WhiteElo "2570"]
[BlackElo "2547"]
[PlyCount "60"]
[EventDate "2005.05.16"]
[EventType "tourn (corr)"]
[EventRounds "6"]
[SourceTitle "Corr 2008"]
[Source "ChessBase"]
[SourceDate "2008.06.24"]
[SourceVersion "1"]
[SourceVersionDate "2008.06.24"]
[SourceQuality "1"]

1. d4 Nf6 2. c4 e6 3. Nc3 Bb4 4. Qc2 0-0 5. a3 Bxc3+ 6. Qxc3 b6 7. Nf3 Bb7 8. e3 d6 9. b4 Nbd7 10. Bb2 Ne4 11. Qc2 f5 12. Bd3 c5 13. 0-0 Ng5 14. Nxg5 Qxg5 15. f4 Qg6 16. dxc5 dxc5 17. Rfd1 Bf3 18. Rd2 Nf6 19. Qb1 Rad8 20. Bxf6 gxf6 21. Raa2 Bc6 22. Qd1 Qg4 23. Qf1 Qg7 24. b5 Bb7 25. Be2 Be4 26. Bf3 Qb7 27. Qd1 Bxf3 28. gxf3 Qc7 29. Rxd8 Rxd8 30. Rd2 Rxd2 1/2-1/2

[Event "IECG WC.2004.F.00001"]
[Site "IECG email"]
[Date "2005.05.16"]
[Round "?"]
[White "Schrancz, Istvan"]
[Black "Rodriguez, Jorge"]
[Result "0-1"]
[WhiteElo "2482"]
[BlackElo "2570"]
[PlyCount "80"]
[EventDate "2005.05.16"]
[EventType "tourn (corr)"]
[EventRounds "6"]
[SourceTitle "Corr 2008"]
[Source "ChessBase"]
[SourceDate "2008.06.24"]
[SourceVersion "1"]
[SourceVersionDate "2008.06.24"]
[SourceQuality "1"]

1. d4 d5 2. c4 c6 3. Nf3 Nf6 4. e3 e6 5. Nbd2 c5 6. b3 cxd4 7. exd4 Nc6 8. Bb2 Be7 9. Bd3 0-0 10. 0-0 b6 11. Rc1 Bb7 12. Qe2 Rc8 13. Rfd1 g6 14. Nf1 Re8 15. Ne5 Bf8 16. Ne3 dxc4 17. Bxc4 Nb4 18. a3 Nbd5 19. Bb5 Re7 20. Bc6 Rec7 21. Bxb7 Rxb7 22. Rc4 b5 23. Rxc8 Qxc8 24. Rc1 Rc7 25. Rxc7 Qxc7 26. Qxb5 Nxe3 27. fxe3 Qc2 28. Qf1 Be7 29. Bc1 Qxb3 30. h3 Qc2 31. Qc4 Qb1 32. Qf1 Kg7 33. Nc4 Qb3 34. Bb2 Kf8 35. Qe2 Ne4 36. Na5 Qd5 37. Nc4 Bh4 38. a4 Bf2+ 39. Kh2 Qc6 40. Qd3 f6 0-1

[Event "IECG WC.2004.F.00001"]
[Site "IECG email"]
[Date "2005.05.16"]
[Round "?"]
[White "Utesch, Wolfgang"]
[Black "Rodriguez, Jorge"]
[Result "1/2-1/2"]
[WhiteElo "2305"]
[BlackElo "2570"]
[PlyCount "71"]
[EventDate "2005.05.16"]
[EventType "tourn (corr)"]
[EventRounds "6"]
[SourceTitle "Corr 2008"]
[Source "ChessBase"]
[SourceDate "2008.06.24"]
[SourceVersion "1"]
[SourceVersionDate "2008.06.24"]
[SourceQuality "1"]

1. d4 Nf6 2. c4 g6 3. Nc3 Bg7 4. e4 d6 5. f4 0-0 6. Nf3 c5 7. dxc5 Qa5 8. Bd3 Qxc5 9. Qe2 Nc6 10. Be3 Qa5 11. 0-0 Ng4 12. Bd2 Qb6+ 13. Kh1 Qxb2 14. Rab1 Qa3 15. Nb5 Qc5 16. h3 a6 17. Nc3 Nf6 18. e5 dxe5 19. fxe5 Nd7 20. Be3 Qa3 21. Rb3 Qa5 22. Nd5 Nc5 23. Rb2 Rb8 24. Bc2 Be6 25. Bd2 Qd8 26. Rd1 Qc8 27. Bf4 b5 28. Qe3 Nd7 29. cxb5 Rxb5 30. Rxb5 axb5 31. Bb3 Kh8 32. Bh6 b4 33. Bxg7+ Kxg7 34. Nf4 Bxb3 35. axb3 e6 36. Nh5+ 1/2-1/2

[Event "IECG WC.2003.F.00001 email"]
[Site "IECG email"]
[Date "2003.12.20"]
[Round "?"]
[White "Rodriguez, Jorge"]
[Black "Sirota, Anatoli V"]
[Result "1/2-1/2"]
[WhiteElo "2575"]
[BlackElo "2548"]
[PlyCount "112"]
[EventDate "2003.12.20"]
[EventType "tourn (corr)"]
[EventRounds "14"]
[SourceTitle "Corr 2008"]
[Source "ChessBase"]
[SourceDate "2008.06.24"]
[SourceVersion "1"]
[SourceVersionDate "2008.06.24"]
[SourceQuality "1"]

1. d4 Nf6 2. c4 e6 3. Nc3 Bb4 4. Qc2 0-0 5. a3 Bxc3+ 6. Qxc3 b6 7. Bg5 Bb7 8. e3 d6 9. Ne2 Nbd7 10. Qd3 Ba6 11. b4 c5 12. b5 Bb7 13. Nc3 a6 14. f3 h6 15. Bh4 d5 16. cxd5 exd5 17. Qd2 c4 18. bxa6 Rxa6 19. Be2 Bc6 20. 0-0 b5 21. Rfb1 Qe7 22. Nxb5 Bxb5 23. Rxb5 Rxa3 24. Rxa3 Qxa3 25. Ra5 Qb3 26. Bd1 Qb7 27. Bc2 Ra8 28. Rxa8+ Qxa8 29. Qc1 Qa7 30. Be1 Nf8 31. Bb4 Ne6 32. Qa3 Qb7 33. Bc3 Ne8 34. Qb4 Qa7 35. Qb5 Nf6 36. Ba5 g6 37. Qb6 Qxb6 38. Bxb6 Nd7 39. Ba5 f5 40. Kf2 Kf7 41. g3 Nf6 42. h3 Ng5 43. Kg2 Ke6 44. g4 fxg4 45. hxg4 Kf7 46. Bd2 Ne6 47. Kg3 h5 48. gxh5 Nxh5+ 49. Kf2 Nf6 50. Bb4 g5 51. Bf5 Ng7 52. Bc8 Kg6 53. Bb7 Nf5 54. Bc5 g4 55. e4 g3+ 56. Kg2 Ne3+ 1/2-1/2

[Event "IECG WC.2003.F.00001 email"]
[Site "IECG email"]
[Date "2003.12.20"]
[Round "?"]
[White "Valentine, Stephen G"]
[Black "Rodriguez, Jorge"]
[Result "1/2-1/2"]
[WhiteElo "2460"]
[BlackElo "2575"]
[PlyCount "70"]
[EventDate "2003.12.20"]
[EventType "tourn (corr)"]
[EventRounds "14"]
[SourceTitle "Corr 2008"]
[Source "ChessBase"]
[SourceDate "2008.06.24"]
[SourceVersion "1"]
[SourceVersionDate "2008.06.24"]
[SourceQuality "1"]

1. d4 Nf6 2. c4 g6 3. Nc3 Bg7 4. e4 d6 5. Nf3 0-0 6. Be2 e5 7. Be3 exd4 8. Nxd4 Re8 9. f3 c6 10. Bf2 a6 11. 0-0 b5 12. Qd2 b4 13. Nd1 c5 14. Nb3 Nc6 15. Ne3 a5 16. a4 bxa3 17. Rxa3 a4 18. Rfa1 Rb8 19. Nc1 Nd7 20. Rb1 Nd4 21. Rxa4 f5 22. exf5 Qg5 23. h4 Qh6 24. b4 Ne5 25. b5 gxf5 26. Nb3 Nxe2+ 27. Qxe2 Bb7 28. Na5 f4 29. Nd5 Bxd5 30. cxd5 Ng4 31. Re4 Rxe4 32. Qxe4 Nxf2 33. Kxf2 Qxh4+ 34. Ke2 Qg5 35. Nc4 Qxg2+ 1/2-1/2

[Event "IECG WC.2002.F.00001 email"]
[Site "IECG email"]
[Date "2002.12.15"]
[Round "?"]
[White "Halwick, Floyd J Jr"]
[Black "Rodriguez, Jorge"]
[Result "1/2-1/2"]
[WhiteElo "2426"]
[BlackElo "2544"]
[PlyCount "62"]
[EventDate "2002.12.15"]
[EventType "tourn (corr)"]
[EventRounds "13"]
[SourceTitle "Corr 2008"]
[Source "ChessBase"]
[SourceDate "2008.06.24"]
[SourceVersion "1"]
[SourceVersionDate "2008.06.24"]
[SourceQuality "1"]

1. e4 e5 2. Nf3 Nf6 3. d4 Nxe4 4. Bd3 d5 5. Nxe5 Nd7 6. Qe2 Nxe5 7. Bxe4 dxe4 8. Qxe4 Be6 9. dxe5 Bd5 10. Qg4 h5 11. Qh3 Qe7 12. 0-0 Qxe5 13. Qc3 Qxc3 14. Nxc3 Be6 15. Rd1 Rc8 16. Bf4 Bc5 17. Rd3 0-0 18. Rad1 Rfe8 19. h3 Be7 20. Nd5 Bd8 21. b3 c6 22. Ne3 Bf6 23. c4 Rcd8 24. Bd6 b6 25. a4 g6 26. f4 Rd7 27. Kf2 Red8 28. g4 c5 29. Kf3 hxg4+ 30. hxg4 Bd4 31. Be5 Bxe3 1/2-1/2

[Event "IECG WC.2001.F.00001 email"]
[Site "IECG email"]
[Date "2001.12.15"]
[Round "?"]
[White "Rodriguez, Jorge"]
[Black "Bildat, Juergen"]
[Result "1/2-1/2"]
[WhiteElo "2463"]
[BlackElo "2365"]
[PlyCount "72"]
[EventDate "2001.12.15"]
[EventType "tourn (corr)"]
[EventRounds "14"]
[SourceTitle "Corr 2008"]
[Source "ChessBase"]
[SourceDate "2008.06.24"]
[SourceVersion "1"]
[SourceVersionDate "2008.06.24"]
[SourceQuality "1"]

1. d4 Nf6 2. c4 g6 3. Nc3 d5 4. cxd5 Nxd5 5. e4 Nxc3 6. bxc3 Bg7 7. Bc4 c5 8. Ne2 Nc6 9. Be3 0-0 10. 0-0 Bg4 11. f3 Na5 12. Bd3 cxd4 13. cxd4 Be6 14. d5 Bxa1 15. Qxa1 f6 16. Bh6 Re8 17. Kh1 Rc8 18. Nf4 Bd7 19. e5 Nc4 20. e6 Ba4 21. Nxg6 hxg6 22. Bxg6 Ne5 23. Be4 Bc2 24. Bxc2 Rxc2 25. Qd1 Qc7 26. f4 Kh7 27. fxe5 Kxh6 28. exf6 Rf8 29. f7 Qc4 30. Re1 Rf2 31. d6 exd6 32. h3 d5 33. Kg1 Qc5 34. Kh1 Qc4 35. Kg1 Qc5 36. Kh1 Qc4 1/2-1/2

[Event "IECG WC.2001.F.00001 email"]
[Site "IECG email"]
[Date "2001.12.15"]
[Round "?"]
[White "Rodriguez, Jorge"]
[Black "Polaczek, Richard"]
[Result "1/2-1/2"]
[WhiteElo "2463"]
[BlackElo "2454"]
[PlyCount "42"]
[EventDate "2001.12.15"]
[EventType "tourn (corr)"]
[EventRounds "14"]
[SourceTitle "Corr 2008"]
[Source "ChessBase"]
[SourceDate "2008.06.24"]
[SourceVersion "1"]
[SourceVersionDate "2008.06.24"]
[SourceQuality "1"]

1. d4 d5 2. c4 dxc4 3. Nf3 e6 4. e3 a6 5. Bxc4 c5 6. 0-0 Nf6 7. a4 Nc6 8. Qe2 Qc7 9. Rd1 Bd6 10. Nc3 0-0 11. Bd2 Bd7 12. h3 Rad8 13. d5 exd5 14. Nxd5 Nxd5 15. Bxd5 Ne7 16. Bc4 Bc6 17. Bc3 h6 18. a5 Ng6 19. Qc2 Ne5 20. Nxe5 Bxe5 21. Bxe5 Qxe5 1/2-1/2

[Event "IECG WC.2001.F.00001 email"]
[Site "IECG email"]
[Date "2001.12.15"]
[Round "?"]
[White "Rodriguez, Jorge"]
[Black "Zenker, Othmar"]
[Result "1-0"]
[WhiteElo "2463"]
[BlackElo "2484"]
[PlyCount "71"]
[EventDate "2001.12.15"]
[EventType "tourn (corr)"]
[EventRounds "14"]
[SourceTitle "Corr 2008"]
[Source "ChessBase"]
[SourceDate "2008.06.24"]
[SourceVersion "1"]
[SourceVersionDate "2008.06.24"]
[SourceQuality "1"]

1. d4 Nf6 2. c4 g6 3. Nc3 d5 4. cxd5 Nxd5 5. e4 Nxc3 6. bxc3 Bg7 7. Nf3 c5 8. Rb1 0-0 9. Be2 cxd4 10. cxd4 Qa5+ 11. Bd2 Qxa2 12. 0-0 Bg4 13. Be3 Nc6 14. d5 Ne5 15. Rxb7 e6 16. d6 Nxf3+ 17. gxf3 Bh3 18. Re1 Qa5 19. Rb5 Qd8 20. Bg5 f6 21. Be3 f5 22. Qd2 fxe4 23. Bg5 e3 24. fxe3 Bf6 25. e4 a6 26. Bxf6 Qxf6 27. Rg5 e5 28. Qd5+ Be6 29. Qxe5 a5 30. Qxf6 Rxf6 31. Ra1 a4 32. Ra3 Bb3 33. Rb5 Rd8 34. e5 Rf5 35. Rc5 Kf7 36. Kf2 1-0

[Event "IECG WC.2002.T.00005 email"]
[Site "IECG email"]
[Date "2001.06.15"]
[Round "?"]
[White "Barnsley, Anthony R"]
[Black "Rodriguez, Jorge"]
[Result "0-1"]
[WhiteElo "2456"]
[BlackElo "2405"]
[PlyCount "74"]
[EventDate "2001.06.15"]
[EventType "tourn (corr)"]
[EventRounds "10"]
[SourceTitle "Corr 2008"]
[Source "ChessBase"]
[SourceDate "2008.06.24"]
[SourceVersion "1"]
[SourceVersionDate "2008.06.24"]
[SourceQuality "1"]

1. e4 c5 2. Nf3 d6 3. d4 cxd4 4. Nxd4 Nf6 5. Nc3 a6 6. f3 Qb6 7. Nb3 e6 8. g4 Be7 9. g5 Nfd7 10. f4 Qc7 11. Be3 b5 12. Bg2 Nc6 13. Qh5 b4 14. Ne2 a5 15. 0-0 g6 16. Qf3 Nb6 17. c3 Nc4 18. cxb4 Nxe3 19. Qxe3 Nxb4 20. Rfc1 Qb7 21. a3 Nc6 22. Ned4 Nxd4 23. Qxd4 0-0 24. e5 Qxb3 25. Bxa8 dxe5 26. Qxe5 Qb6+ 27. Kg2 Bd6 28. Qf6 Qb8 29. Be4 Bxf4 30. Rc5 e5 31. Rb1 Be6 32. Rc2 Qb3 33. Rc3 Qa4 34. Re1 Bd2 35. Rce3 Bxe3 36. Rxe3 Qd4 37. Qf2 Bc4 0-1

[Event "IECG WC.2002.T.00005 email"]
[Site "IECG email"]
[Date "2001.06.15"]
[Round "?"]
[White "Rodriguez, Jorge"]
[Black "Larsson, Mats"]
[Result "1-0"]
[WhiteElo "2405"]
[BlackElo "2307"]
[PlyCount "75"]
[EventDate "2001.06.15"]
[EventType "tourn (corr)"]
[EventRounds "10"]
[SourceTitle "Corr 2008"]
[Source "ChessBase"]
[SourceDate "2008.06.24"]
[SourceVersion "1"]
[SourceVersionDate "2008.06.24"]
[SourceQuality "1"]

1. d4 Nf6 2. c4 g6 3. Nc3 Bg7 4. e4 d6 5. Be2 0-0 6. Nf3 e5 7. 0-0 Nc6 8. d5 Ne7 9. Ne1 Nd7 10. Be3 f5 11. f3 f4 12. Bf2 g5 13. Rc1 Ng6 14. c5 Nxc5 15. b4 Na6 16. Nb5 Bd7 17. Nxa7 Rf7 18. Bxa6 bxa6 19. Qd3 h5 20. Qxa6 g4 21. Kh1 g3 22. Bg1 Bf6 23. Qb7 gxh2 24. Bf2 Be8 25. Nd3 Bh4 26. Nc6 Bxc6 27. dxc6 Ra3 28. Qb5 Rxa2 29. Qc4 Ra4 30. Qb3 Ra8 31. b5 Bxf2 32. Rxf2 Rb8 33. Ra2 Kf8 34. Ra7 Qc8 35. Rca1 Re7 36. Qd5 Rg7 37. Nb4 Ne7 38. Qc4 1-0

[Event "IECG WC.2002.T.00005 email"]
[Site "IECG email"]
[Date "2001.06.15"]
[Round "?"]
[White "Rodriguez, Jorge"]
[Black "Valeinis, Janis"]
[Result "1-0"]
[WhiteElo "2405"]
[BlackElo "2320"]
[PlyCount "53"]
[EventDate "2001.06.15"]
[EventType "tourn (corr)"]
[EventRounds "10"]
[SourceTitle "Corr 2008"]
[Source "ChessBase"]
[SourceDate "2008.06.24"]
[SourceVersion "1"]
[SourceVersionDate "2008.06.24"]
[SourceQuality "1"]

1. d4 Nf6 2. c4 g6 3. Nc3 Bg7 4. e4 d6 5. Be2 0-0 6. Nf3 e5 7. 0-0 Nc6 8. d5 Ne7 9. Ne1 Nd7 10. Be3 f5 11. f3 f4 12. Bf2 g5 13. Rc1 Rf6 14. Nd3 Rh6 15. c5 a6 16. c6 bxc6 17. dxc6 Nf8 18. Nb4 Qe8 19. Kh1 Ne6 20. Ncd5 Nxd5 21. Nxd5 Bf6 22. Nxf6+ Rxf6 23. b4 h5 24. a4 Nd8 25. b5 axb5 26. axb5 Nf7 27. Ra1 1-0

[Event "IECG WC.2003.S.00011 email"]
[Site "IECG email"]
[Date "2001.04.01"]
[Round "?"]
[White "Fabiani, Juan AG"]
[Black "Rodriguez, Jorge"]
[Result "1/2-1/2"]
[WhiteElo "2272"]
[BlackElo "2405"]
[PlyCount "55"]
[EventDate "2001.04.01"]
[EventType "tourn (corr)"]
[EventRounds "8"]
[SourceTitle "Corr 2008"]
[Source "ChessBase"]
[SourceDate "2008.06.24"]
[SourceVersion "1"]
[SourceVersionDate "2008.06.24"]
[SourceQuality "1"]

1. d4 Nf6 2. c4 g6 3. Nc3 d5 4. cxd5 Nxd5 5. e4 Nxc3 6. bxc3 Bg7 7. Nf3 0-0 8. Be2 c5 9. 0-0 b6 10. dxc5 Qc7 11. Be3 Bb7 12. Qc2 Rc8 13. Nd2 Nd7 14. cxb6 axb6 15. Rac1 Nc5 16. f3 Na4 17. Qb3 Nxc3 18. Kh1 Rxa2 19. Qxa2 Nxa2 20. Rxc7 Rxc7 21. Bc4 Nc3 22. Bxb6 Rc6 23. Be3 h6 24. Rc1 g5 25. Bf1 Ba6 26. g4 e6 27. Kg2 Bxf1+ 28. Nxf1 1/2-1/2

[Event "IECG WC.2003.S.00011 email"]
[Site "IECG email"]
[Date "2001.04.01"]
[Round "?"]
[White "Rodriguez, Jorge"]
[Black "Johansen, John Martin"]
[Result "1-0"]
[WhiteElo "2405"]
[BlackElo "2323"]
[PlyCount "101"]
[EventDate "2001.04.01"]
[EventType "tourn (corr)"]
[EventRounds "8"]
[SourceTitle "Corr 2008"]
[Source "ChessBase"]
[SourceDate "2008.06.24"]
[SourceVersion "1"]
[SourceVersionDate "2008.06.24"]
[SourceQuality "1"]

1. d4 a6 2. Nf3 h6 3. e4 d6 4. c3 Nf6 5. Bd3 e6 6. 0-0 Be7 7. Qe2 Nc6 8. Rd1 0-0 9. Bc2 Bd7 10. e5 dxe5 11. dxe5 Nd5 12. Qd3 f5 13. exf6 Nxf6 14. Bxh6 Be8 15. Qc4 Bd6 16. Qxe6+ Bf7 17. Qh3 gxh6 18. Qxh6 Re8 19. Ng5 Qe7 20. Nd2 Ne5 21. Bh7+ Nxh7 22. Qxh7+ Kf8 23. Qh6+ Kg8 24. Nde4 Bg6 25. Nxd6 cxd6 26. f4 Qg7 27. Qxg7+ Kxg7 28. fxe5 Rxe5 29. Nf3 Re2 30. Rd2 Rxd2 31. Nxd2 Re8 32. Kf2 Rf8+ 33. Nf3 d5 34. Rd1 Be4 35. Ke3 Re8 36. Kd4 Bxf3 37. gxf3 Re2 38. Rb1 Rxh2 39. Kxd5 Rf2 40. Kc5 Rxf3 41. Kb6 Rf7 42. a4 Kf8 43. Re1 Rd7 44. a5 Kf7 45. b4 Kf6 46. Re8 Rh7 47. Rc8 Ke5 48. Rc7 Rh3 49. Kxb7 Kd6 50. Rc5 Kd7 51. Kxa6 1-0

[Event "IECG WC.2002.S.00005 email"]
[Site "IECG email"]
[Date "2000.??.??"]
[Round "?"]
[White "Crespo, Ramon Jose"]
[Black "Rodriguez, Jorge"]
[Result "0-1"]
[WhiteElo "2482"]
[BlackElo "2405"]
[PlyCount "122"]
[EventDate "2000.03.10"]
[EventType "tourn (corr)"]
[EventRounds "8"]
[SourceTitle "Corr 2008"]
[Source "ChessBase"]
[SourceDate "2008.06.24"]
[SourceVersion "1"]
[SourceVersionDate "2008.06.24"]
[SourceQuality "1"]

1. e4 c5 2. Nf3 Nc6 3. d4 cxd4 4. Nxd4 g6 5. c4 Bg7 6. Be3 Nf6 7. Nc3 0-0 8. Be2 b6 9. 0-0 Bb7 10. f3 Qb8 11. Qd2 Rd8 12. Rfd1 Nh5 13. Bf1 Be5 14. g3 Bg7 15. Bg2 Nf6 16. Rac1 e6 17. Bf4 Ne5 18. b3 d6 19. Bg5 Rd7 20. f4 Nc6 21. Nc2 Qf8 22. Bxf6 Bxf6 23. e5 Bg7 24. Ne4 Rad8 25. Nf6+ Bxf6 26. exf6 Na5 27. Ne3 Bxg2 28. Kxg2 Nb7 29. b4 Rc8 30. Qd4 Rdc7 31. Rb1 Qe8 32. Kg1 Kh8 33. a3 Qc6 34. Rbc1 a6 35. g4 b5 36. cxb5 Qxb5 37. Rxc7 Rxc7 38. Re1 Rc8 39. f5 gxf5 40. gxf5 Rg8+ 41. Kf2 exf5 42. Rd1 Nd8 43. Qd3 f4 44. Nd5 Qb7 45. Nxf4 Ne6 46. Nd5 Rg2+ 47. Kf1 Rxh2 48. Rd2 Rh1+ 49. Kf2 Qc8 50. Ne3 Qc1 51. Nd1 h5 52. Qxd6 Rh4 53. a4 Rh2+ 54. Ke1 Rh1+ 55. Kf2 Qb1 56. Qd5 Qxb4 57. Qxh1 Qxd2+ 58. Kg3 Qf4+ 59. Kg2 Qe4+ 60. Kg1 Qxh1+ 61. Kxh1 Nc5 0-1

[Event "IECG WC.2002.S.00005 email"]
[Site "IECG email"]
[Date "2000.??.??"]
[Round "?"]
[White "Eckstein, Michael"]
[Black "Rodriguez, Jorge"]
[Result "0-1"]
[WhiteElo "2354"]
[BlackElo "2405"]
[PlyCount "70"]
[EventDate "2000.03.10"]
[EventType "tourn (corr)"]
[EventRounds "8"]
[SourceTitle "Corr 2008"]
[Source "ChessBase"]
[SourceDate "2008.06.24"]
[SourceVersion "1"]
[SourceVersionDate "2008.06.24"]
[SourceQuality "1"]

1. c4 c5 2. Nc3 Nc6 3. Nf3 Nf6 4. g3 b6 5. Bg2 Bb7 6. 0-0 e6 7. e4 Qb8 8. d4 cxd4 9. Nxd4 Be7 10. Nc2 0-0 11. b3 a6 12. f4 d6 13. a4 Re8 14. Ba3 Qa7 15. Kh1 Rac8 16. Qd2 Nd7 17. Ne3 Qa8 18. Rab1 Red8 19. Rfe1 Bf8 20. Qe2 Nc5 21. Nc2 g6 22. h3 Bg7 23. Na2 b5 24. axb5 axb5 25. b4 Nd7 26. cxb5 Ne7 27. Rbc1 d5 28. e5 d4 29. Nxd4 Bxg2+ 30. Qxg2 Qxa3 31. Nc6 Nxc6 32. bxc6 Nb6 33. Rc3 Qa4 34. Qc2 Qa6 35. Qe2 Qxe2 0-1

[Event "CServe email"]
[Site "CServe email"]
[Date "1996.??.??"]
[Round "?"]
[White "Rodriguez, Jorge"]
[Black "Alvarez Villar, Horacio Nelson"]
[Result "1-0"]
[WhiteElo "2300"]
[BlackElo "1745"]
[PlyCount "29"]
[EventDate "1996.??.??"]
[EventType "tourn (corr)"]
[EventRounds "12"]
[SourceTitle "E-Mail 2000"]
[Source "ChessBase"]
[SourceDate "2000.04.19"]
[SourceVersion "1"]
[SourceVersionDate "2000.04.19"]
[SourceQuality "1"]

1. d4 f5 2. Nf3 Nf6 3. h4 g6 4. h5 Nxh5 5. e4 e6 6. exf5 exf5 7. Rxh5 gxh5 8. Ne5 Qh4 9. g3 Qe4+ 10. Be3 Qh1 11. Qe2 Be7 12. Nc3 Rf8 13. 0-0-0 d6 14. Bh6 dxe5 15. Bxf8 1-0

[Event "CServe email"]
[Site "CServe email"]
[Date "1996.??.??"]
[Round "?"]
[White "Rodriguez, Jorge"]
[Black "Domancich, Ezequiel Martin"]
[Result "1-0"]
[WhiteElo "2300"]
[BlackElo "1745"]
[PlyCount "43"]
[EventDate "1996.??.??"]
[EventType "tourn (corr)"]
[EventRounds "12"]
[SourceTitle "E-Mail 2000"]
[Source "ChessBase"]
[SourceDate "2000.04.19"]
[SourceVersion "1"]
[SourceVersionDate "2000.04.19"]
[SourceQuality "1"]

1. d4 Nf6 2. c4 e6 3. Nc3 Bb4 4. e3 b6 5. f3 Bb7 6. e4 0-0 7. Bd3 d5 8. cxd5 exd5 9. e5 Nfd7 10. f4 c5 11. a3 Ba5 12. b4 cxb4 13. Nce2 bxa3+ 14. Kf2 Ba6 15. Bxa3 Re8 16. Nf3 Nf8 17. Ng5 h6 18. h4 hxg5 19. hxg5 Qd7 20. f5 Rc8 21. Bxf8 Rxf8 22. Ng3 1-0